Normal view
MARC view
- Dr. Muhammd Bilal Kadri.
Entry Personal Name
001 - CONTROL NUMBER
- control field: 29844
003 - CONTROL NUMBER IDENTIFIER
- control field: NUST
005 - DATE AND TIME OF LATEST TRANSACTION
- control field: 20200904095706.0
008 - FIXED-LENGTH DATA ELEMENTS
- fixed length control field: 200904|| aca||aabn | a|a d
040 ## - CATALOGING SOURCE
- Original cataloging agency: NUST
- Transcribing agency: NUST
100 ## - HEADING--PERSONAL NAME
- Personal name: Dr. Muhammd Bilal Kadri.
670 ## - SOURCE DATA FOUND
- Source citation: Work cat.: (NUST): Altaf, Zeeshan 29842, CONTROL OF CLASS NON LINEAR SYSTEM USING FUZZ Y MODEL PREDICTIVE CONTROL SCHEME /, 2015.
